000 01126cam a22002415a 4500
001 L138272
008 070525e2006 xxk f 100 0 eng d
035 _a(Sirsi) u138272
041 0 _aeng
100 1 _aPathirage, C.P.
245 0 0 _aManaging knowledge for facilities management organisational effectiveness
_ba business case
_h[electronic resource]
260 _aLondon
_bRICS
_c2006
490 0 _aCOBRA
_v2006
520 _aDiscusses ways to manage knowledge within a facilities management context. Discusses how facilities knowledge can be of importance for organisational effectiveness and for contributing to a business? competitive advantage.
651 4 _aInternational
690 _aMANAGEMENT-BUSINESS MANAGEMENT-INFORMATION MANAGEMENT-KNOWLEDGE MANAGEMENT
700 1 _aAmaratunga, R.D.G.
700 1 _aHaigh, R.P.
700 1 _aBaldry, D.
711 2 _aConstruction and Building Research Conference
_cUniversity College London, London
_d7-8 September 2006
856 4 0 _uhttps://www.rics.org/site/scripts/download_info.aspx?downloadID=2917
_zView the item free of charge at www.rics.org...
942 _n0
999 _c107099
_d107099